| 000 | 00509nam a2200205Ia 4500 | ||
|---|---|---|---|
| 008 | 170918s9999 xx 000 0 und d | ||
| 020 | _a9780394888642 | ||
| 050 | _bH427 1988 | ||
| 100 | _aHayward, Linda | ||
| 245 | _aHello, house! / | ||
| 245 | _cby Linda Hayward ; illustrated by Lynn Munsinger. | ||
| 260 | _aNew York : | ||
| 260 | _bScholastic, | ||
| 260 | _c1988 | ||
| 300 | _a32 pages : | ||
| 300 | _bchiefly colored ; | ||
| 300 | _c23cm. | ||
| 440 | _aStep into reading. | ||
| 500 | _a270 | ||
| 999 |
_c342988 _d342988 |
||